000 00649nam a2200217Ia 4500
005 20241129104205.0
008 241129s9999||||xx |||||||||||||| ||und||
020 _a9781447344032
037 _aTextual
040 _aRTL
_beng
_cRTL
041 _aeng
_2eng
084 _aSigma b4 R2
_qRTL
100 _aGrant Aimee
_9725168
245 0 _aDoing research project with documents: A step-by-step guide to take you from start to finish
_cGrant Aimee
260 _aBristol
_bPolicy Press
_c2022
300 _axxi,198p.
365 _aINR
_b2189.1
650 _aSociology
942 _cTB
_hSigma b4 R2
999 _c1224804
_d1224804